10 Characters From The Witcher 3: Wild Hunt - Statistics

General Stats
  • This quiz has been taken 230 times
  • The average score is 9 of 10
Answer Stats
Hint Answer % Correct
The surrogate/daughter of the above who possesses Elder Blood and is also called Zireael Ciri
100%
The main character who wields a steel sword and a silver sword Geralt
99%
Another of #1's love interests. Maribor is affiliated with herself. She possesses red hair and employs fire magic. Triss
98%
One of #1's love interests and is seen as a surrogate mother towards #2. She has raven-black hair and is a sorceress. Vengerberg. Yennefer
97%
The surrogate father to #1 and a second surrogate father to #2. He travels with #1 within White Orchard. Vesemir
96%
The Leader Of The Wild Hunt and who seeks #2 for her ability to travel between worlds. Eredin
90%
Witcher who confides in #1 about his childhood and how he became who he is (drunken father who beat himself and his mother). He helps #1 defend Kaer Morhen and he eventuallly begins a relationship with the sorceress Keira Metz. He often impersonates #3. Lambert
88%
Witcher who has a scar on his face and possesses a horse called Scorpion. He helps #1 hunt a forktail within a quest and faces a member of the Wild Hunt called Caranthir before #2 helps him. Eskel
87%
The Sage who assists #2 with her powers and helps keep her safe from The Wild Hunt for most of the game. Avallac'h
72%
The Wild Hunt general who faces #1 atop Bald Mountain and who is responsible for #3's death. He possesses a mace and a black greatshield. Imlerith
65%
No matching quizzes found
Score Distribution
Percent of People with Each Score
Percentile by Number Answered
Your Score History
You have not taken this quiz